| 000 | 00944nam a2200301Ia 4500 | ||
|---|---|---|---|
| 001 | Z_4923 | ||
| 003 | CHAP | ||
| 008 | 220113s2003 xx 000 0 und d | ||
| 010 | _a167978 | ||
| 040 | _cCHAP | ||
| 090 | _aTesis P 1763 | ||
| 100 |
_aPureco Ojeda, Concepción _993045 |
||
| 245 |
_aAplicación de la norma oficial mexicana para la clasificación de canales de cerdo / _cpor Concepción Pureco Ojeda |
||
| 260 |
_aChapingo, Méx. : _bEl autor, _c2003 |
||
| 300 | _a79 h. | ||
| 502 | _aTesis (Ing. Agr. Esp. en Zootecnia) -- UACH. Departamento de Zootecnia | ||
| 650 |
_aCarne de puerco en canal _919188 |
||
| 650 |
_aCarne de puerco en canal _xNormas de calidad _919189 |
||
| 650 |
_aCarne de puerco _xInspección _919180 |
||
| 650 |
_aCarne _xCalidad _919064 |
||
| 650 |
_aCarne _xNormas de calidad _919103 |
||
| 901 | _aTESIS P 1763 | ||
| 902 | _aM | ||
| 910 | _a2003 | ||
| 942 | _c2 | ||
| 942 | _c2 | ||
| 999 |
_c167978 _d167978 |
||